Destino (Record no. 971)

MARC details
000 -LEADER
campo de control de longitud fija 00948nas a2200277 i 4500
001 - NÚMERO DE CONTROL
campo de control 971
003 - IDENTIFICADOR DE NÚMERO DE CONTROL
campo de control ES-MaACL
005 - FECHA Y HORA DE LA ÚLTIMA TRANSACCIÓN
campo de control 20260201160540.0
007 - CAMPO FIJO DE DESCRIPCIÓN FÍSICA--INFORMACIÓN GENERAL
campo de control de longitud fija t|
008 - DATOS DE LONGITUD FIJA--INFORMACIÓN GENERAL
campo de control de longitud fija 950801d19371985sp w|ype | ||pa d
022 ## - NÚMERO INTERNACIONAL NORMALIZADO PARA PUBLICACIONES SERIADAS
Número Internacional Normalizado para Publicaciones Seriadas 0011-9563
080 ## - NÚMERO DE LA CLASIFICACIÓN DECIMAL UNIVERSAL
Número de la Clasificación Decimal Universal (051)
245 00 - MENCIÓN DEL TÍTULO
Título Destino
Resto del título : política de unidad /
Mención de responsabilidad, etc. [dir. Ignacio Agustí].
246 3# - FORMA VARIANTE DEL TITULO
Título propio/Titulo breve Destino (Barcelona)
260 ## - PUBLICACIÓN, DISTRIBUCIÓN, ETC.
Lugar de publicación, distribución, etc. Barcelona :
Nombre del editor, distribuidor, etc. [Publicaciones y Revistas],
Fecha de publicación, distribución, etc. 1937-1985.
300 ## - DESCRIPCIÓN FÍSICA
Extensión 106 v. ;
Dimensiones 40 cm.
310 ## - PERIODICIDAD ACTUAL
Periodicidad actual Semanal
362 1# - FECHAS DE PUBLICACIÓN Y/O DESIGNACIÓN SECUENCIAL
Fecha de publicación y/o designación secuencial Año I (7 marzo 1937)- año XLIII (nueva época), n. 8 (16/22 mayo 1985)
530 ## - NOTA DISPONIBLE DE FORMULARIO FÍSICO ADICIONAL
Nota de formato físico adicional disponible Disponible en formato digital.
650 14 - PUNTO DE ACCESO ADICIONAL DE MATERIA--TÉRMINO DE MATERIA
Término de materia o nombre geográfico como elemento de entrada Revistas de información general.
9 (RLIN) 16896
700 1# - ENTRADA AGREGADA--NOMBRE PERSONAL
Nombre de persona Agustí, Ignacio,
Fechas asociadas al nombre 1913-1974
9 (RLIN) 18909
852 ## - LOCALIZACIÓN
Ubicación ES-MaACL
Número de control de estantería Hem-63
856 ## - LOCALIZACIÓN Y ACCESO ELECTRÓNICOS
Identificador Uniforme de Recursos <a href="http://www.bnc.cat/digital/destino/index.html ">http://www.bnc.cat/digital/destino/index.html </a>
Nota pública Biblioteca de Catalunya
866 #0 - MENCIÓN TEXTUAL DE FONDOS--UNIDAD BIBLIOGRÁFICA BÁSICA
Fondos 1943-59(1960f.n.1170)1961-74(1975f.n.1978)1976-78(1979-80)
Holdings
Estatus retirado Estado de pérdida Estado de daño No para préstamo Colección Biblioteca de origen Biblioteca actual Ubicación en estantería Fecha de adquisición Fuente de adquisición Total de préstamos Signatura topográfica completa Código de barras Visto por última vez Precio de reemplazo Tipo de ítem Koha
        Colección digital Biblioteca del Ateneo de Madrid Biblioteca del Ateneo de Madrid Depósito 1 17/01/2008     Hem-63 1000990 23/02/2023 23/02/2023 Revista